Normal view
MARC view
- Bīrūnī, Muḥammad ibn Aḥmad,
Entry Personal Name
001 - CONTROL NUMBER
- control field: 6170
003 - CONTROL NUMBER IDENTIFIER
- control field: NUST
005 - DATE AND TIME OF LATEST TRANSACTION
- control field: 20171108143023.0
008 - FIXED-LENGTH DATA ELEMENTS
- fixed length control field: 171108|| aca||aabn | a|a d
040 ## - CATALOGING SOURCE
- Original cataloging agency: NUST
- Transcribing agency: NUST
100 ## - HEADING--PERSONAL NAME
- Personal name: Bīrūnī, Muḥammad ibn Aḥmad,
- Dates associated with a name: 973?-1048.
670 ## - SOURCE DATA FOUND
- Source citation: Work cat.: (NUST)0: Nasr, Seyyed Hossein. 181, An introduction to Islamic cosmological doctrines :, 1993.
